[Event "Eschborn op"]
[Site "Eschborn"]
[Date "2019.08.18"]
[Round "4.9"]
[White "Gutacker, Stephan"]
[Black "Abel, Thomas"]
[Result "0-1"]
[WhiteElo "1809"]
[BlackElo "2266"]
[PlyCount "90"]
[EventDate "2019.08.16"]
[EventType "swiss"]
[EventRounds "5"]
[EventCountry "GER"]
[SourceTitle "EXT 2024"]
[Source "ChessBase"]
[SourceDate "2023.10.10"]
[SourceVersion "1"]
[SourceVersionDate "2023.10.10"]
[SourceQuality "1"]

1. e4 e6 2. d4 d5 3. Bd3 Nf6 4. e5 Nfd7 5. Nf3 c5 6. c3 b6 7. Qe2 a5 8. Na3 Ba6 9. Bg5 Qc8 10. Bb5 cxd4 11. 0-0 dxc3 12. Rac1 Bxa3 13. bxa3 0-0 14. Bd2 Bxb5 15. Qxb5 Qa6 16. Qxa6 Nxa6 17. Rxc3 Rfc8 18. Rfc1 Rxc3 19. Rxc3 Nac5 20. Be3 Kf8 21. Bd4 Ke7 22. Nd2 Rc8 23. Kf1 Rc7 24. Ke2 Na6 25. Kd3 Rxc3+ 26. Bxc3 Nab8 27. f4 Nc6 28. Nb3 Nc5+ 29. Kc2 Nxb3 30. axb3 Kd7 31. Kd3 h5 32. h3 g6 33. g4 hxg4 34. hxg4 Nd8 35. g5 Kc6 36. Bd2 Nb7 37. b4 Kb5 38. Kc3 axb4+ 39. axb4 Nd8 40. Kb3 Nc6 41. Bc3 Ne7 42. Bd2 Nf5 43. Bc3 Ne3 44. Be1 d4 45. Bd2 Kc6 0-1

[Event "Frankfurt-chA"]
[Site "Frankfurt"]
[Date "2019.04.30"]
[Round "1"]
[White "Milov, Leonid"]
[Black "Gutacker, Stephan"]
[Result "1-0"]
[WhiteElo "2456"]
[BlackElo "1796"]
[PlyCount "39"]
[EventDate "2019.04.29"]
[EventType "swiss"]
[EventRounds "7"]
[EventCountry "GER"]
[SourceTitle "EXT 2020"]
[Source "ChessBase"]
[SourceDate "2019.10.17"]
[SourceVersion "1"]
[SourceVersionDate "2019.10.17"]
[SourceQuality "1"]

1. e4 e5 2. Nf3 Nc6 3. Bb5 Bc5 4. 0-0 Nf6 5. Nxe5 Nxe5 6. d4 Be7 7. dxe5 Nxe4 8. Qg4 Ng5 9. f4 c6 10. Bd3 h5 11. Qe2 Ne6 12. f5 Nc5 13. Bf4 Nxd3 14. Qxd3 f6 15. Nc3 0-0 16. exf6 Bxf6 17. Bd6 Re8 18. Rae1 b5 19. Ne4 Bb7 20. Qb3+ 1-0

[Event "Eschborn op"]
[Site "Eschborn"]
[Date "2018.10.06"]
[Round "2"]
[White "Gutacker, Stephan"]
[Black "Leach, Julien"]
[Result "1/2-1/2"]
[WhiteElo "1855"]
[BlackElo "1607"]
[PlyCount "88"]
[EventDate "2018.10.05"]
[EventType "swiss"]
[EventRounds "5"]
[EventCountry "GER"]
[SourceTitle "CBM 187 Extra"]
[Source "ChessBase"]
[SourceDate "2018.11.04"]
[SourceVersion "1"]
[SourceVersionDate "2018.11.04"]
[SourceQuality "1"]

1. e4 e5 2. Nf3 Nc6 3. d4 exd4 4. Nxd4 Bc5 5. Be3 d6 6. Nxc6 bxc6 7. Bxc5 dxc5 8. Qxd8+ Kxd8 9. Bc4 Ke7 10. Nd2 Nf6 11. f3 Nd7 12. Kf2 Rb8 13. b3 g5 14. g3 Nb6 15. Bd3 Rd8 16. Rad1 Be6 17. h4 h6 18. hxg5 hxg5 19. Rh5 c4 20. bxc4 Bxc4 21. Nxc4 Nxc4 22. Rxg5 Rb5 23. Rxb5 cxb5 24. Rb1 Na3 25. Rb2 c5 26. Be2 Rd2 27. Ke3 Rxc2 28. Rxc2 Nxc2+ 29. Kd2 Nd4 30. Bd1 Kd6 31. f4 f6 32. Kd3 Nc6 33. Kc3 c4 34. g4 Kc5 35. a3 a5 36. g5 fxg5 37. fxg5 b4+ 38. axb4+ axb4+ 39. Kb2 Kd4 40. g6 Ne7 41. g7 Kxe4 42. Bc2+ Ke3 43. Bb3 Kf4 44. g8Q Nxg8 1/2-1/2

[Event "Rhein Main op-A 19th"]
[Site "Bad Homburg"]
[Date "2016.05.28"]
[Round "5"]
[White "Meffert, Peter"]
[Black "Gutacker, Stephan"]
[Result "0-1"]
[WhiteElo "1905"]
[BlackElo "1868"]
[PlyCount "46"]
[EventDate "2016.05.25"]
[EventType "swiss"]
[EventRounds "7"]
[EventCountry "GER"]
[SourceTitle "EXT 2017"]
[Source "ChessBase"]
[SourceDate "2016.10.25"]
[SourceVersion "1"]
[SourceVersionDate "2016.10.25"]
[SourceQuality "1"]

1. d4 Nf6 2. c4 e5 3. d5 Bc5 4. e3 d6 5. Nc3 Bf5 6. Nf3 h6 7. a3 a5 8. Bd2 0-0 9. Na4 Ba7 10. Qb3 Qc8 11. Be2 Nbd7 12. Nh4 Bh7 13. 0-0 Nc5 14. Nxc5 Bxc5 15. Nf3 Bb6 16. Rfc1 Ne4 17. Be1 f5 18. Nd2 f4 19. Nxe4 Bxe4 20. exf4 Rxf4 21. Bd3 Qf5 22. Bxe4 Rxe4 23. Rc3 Rxe1+ 0-1

[Event "Frankfurt-chA"]
[Site "Frankfurt"]
[Date "2016.04.25"]
[Round "1"]
[White "Khenkin, Igor"]
[Black "Gutacker, Stephan"]
[Result "1-0"]
[WhiteElo "2546"]
[BlackElo "1777"]
[PlyCount "73"]
[EventDate "2016.04.25"]
[EventType "swiss"]
[EventRounds "9"]
[EventCountry "GER"]
[SourceTitle "EXT 2018"]
[Source "ChessBase"]
[SourceDate "2017.10.13"]
[SourceVersion "1"]
[SourceVersionDate "2017.10.13"]
[SourceQuality "1"]

1. d4 Nf6 2. c4 e5 3. dxe5 Ng4 4. Bf4 Nc6 5. Nf3 Bb4+ 6. Nc3 Qe7 7. Qd5 f6 8. exf6 Nxf6 9. Qd3 d6 10. g3 Ne4 11. Bg2 Bxc3+ 12. bxc3 0-0 13. 0-0 Nc5 14. Qe3 Qxe3 15. Bxe3 Be6 16. Nd2 Na5 17. Bxc5 dxc5 18. Nb3 Nxb3 19. axb3 c6 20. Ra5 b6 21. Ra2 Rfc8 22. Rd1 Rc7 23. Rd6 Bd7 24. f4 Be8 25. Kf2 a5 26. e4 Raa7 27. e5 b5 28. Ke3 Kf8 29. f5 a4 30. bxa4 Rxa4 31. Rxa4 bxa4 32. Rd8 Ra7 33. Bxc6 a3 34. Rxe8+ Kf7 35. e6+ Kf6 36. Rf8+ Kg5 37. Rf7 1-0

[Event "Heusenstamm Sparkassen op-A 2nd"]
[Site "Heusenstamm"]
[Date "2015.11.27"]
[Round "2"]
[White "Gutacker, Stephan"]
[Black "Leichum, Engelbert"]
[Result "0-1"]
[WhiteElo "1885"]
[BlackElo "1670"]
[PlyCount "77"]
[EventDate "2015.11.26"]
[EventType "swiss"]
[EventRounds "7"]
[EventCountry "GER"]
[SourceTitle "EXT 2018"]
[Source "ChessBase"]
[SourceDate "2017.10.13"]
[SourceVersion "1"]
[SourceVersionDate "2017.10.13"]
[SourceQuality "1"]

1. e4 e5 2. Nf3 d6 3. Bc4 Bg4 4. d4 Nc6 5. c3 Nf6 6. d5 Na5 7. Bd3 b6 8. h3 Bh5 9. Bg5 a6 10. Qe2 h6 11. Bxf6 Qxf6 12. Nbd2 Nb7 13. Bxa6 Nc5 14. Bb5+ Nd7 15. a4 Qd8 16. b4 Be7 17. 0-0 0-0 18. a5 bxa5 19. bxa5 Nc5 20. a6 Ra7 21. Rfb1 Bg5 22. Nb3 f5 23. Nxc5 dxc5 24. exf5 e4 25. Qxe4 Rf7 26. g4 Re7 27. Qd3 Be8 28. Nxg5 hxg5 29. c4 c6 30. d6 cxb5 31. cxb5 Red7 32. Qd5+ Bf7 33. Qxc5 Rxd6 34. Qxa7 Rd7 35. Qe3 Rd3 36. Qe5 Rxh3 37. Rd1 Qa8 38. Kf1 Qf3 39. Rac1 0-1

[Event "Heusenstamm Sparkassen op-A 2nd"]
[Site "Heusenstamm"]
[Date "2015.11.26"]
[Round "1"]
[White "Schwarz, Dusan"]
[Black "Gutacker, Stephan"]
[Result "1-0"]
[WhiteElo "2315"]
[BlackElo "1885"]
[PlyCount "37"]
[EventDate "2015.11.26"]
[EventType "swiss"]
[EventRounds "7"]
[EventCountry "GER"]
[SourceTitle "EXT 2018"]
[Source "ChessBase"]
[SourceDate "2017.10.13"]
[SourceVersion "1"]
[SourceVersionDate "2017.10.13"]
[SourceQuality "1"]

1. d4 Nf6 2. c4 e5 3. dxe5 Ng4 4. Bf4 Nc6 5. Nf3 Bb4+ 6. Nbd2 Qe7 7. e3 Ngxe5 8. Nxe5 Nxe5 9. Be2 0-0 10. 0-0 Bxd2 11. Qxd2 d6 12. Qc3 Re8 13. Rac1 f6 14. Rfd1 Bf5 15. b4 Rad8 16. Rd2 Rd7 17. Bg3 c6 18. f3 Red8 19. e4 1-0

[Event "Wiesbaden op 27th"]
[Site "Wiesbaden"]
[Date "2015.08.30"]
[Round "6"]
[White "Gutacker, Stephan"]
[Black "Buese, Ralf"]
[Result "1-0"]
[WhiteElo "1887"]
[BlackElo "1723"]
[PlyCount "85"]
[EventDate "2015.08.27"]
[EventType "swiss"]
[EventRounds "7"]
[EventCountry "GER"]
[SourceTitle "EXT 2016"]
[Source "ChessBase"]
[SourceDate "2015.10.08"]
[SourceVersion "1"]
[SourceVersionDate "2015.10.08"]
[SourceQuality "1"]

1. e4 e6 2. d4 d5 3. Bd3 Nf6 4. e5 Nfd7 5. Nf3 c5 6. c3 Nc6 7. 0-0 Qb6 8. Bc2 Be7 9. Re1 cxd4 10. cxd4 f6 11. exf6 Nxf6 12. Nc3 0-0 13. a3 a5 14. Qd3 Qa6 15. Qxa6 Rxa6 16. Bd3 Ra8 17. Nb5 Ne8 18. Ng5 Bxg5 19. Bxg5 Bd7 20. g3 Nf6 21. Bf4 Rae8 22. Kg2 Ng4 23. Nc7 e5 24. dxe5 Ncxe5 25. Be2 Rc8 26. Bxg4 Nxg4 27. f3 Nf6 28. Rad1 Ba4 29. Rd3 Rf7 30. Nxd5 Rc2+ 31. Bd2 Nxd5 32. Rxd5 Bc6 33. Rd8+ Rf8 34. Rxf8+ Kxf8 35. Re2 Rxb2 36. Bb4+ axb4 37. Rxb2 bxa3 38. Ra2 Ke7 39. Rxa3 Kd6 40. Kf2 b5 41. Ra7 Bd7 42. Ke3 b4 43. Rb7 1-0

[Event "Hessen-ch op-A"]
[Site "Frankfurt Sossenheim"]
[Date "2015.??.??"]
[Round "4"]
[White "Stock, Juergen"]
[Black "Gutacker, Stephan"]
[Result "0-1"]
[WhiteElo "1935"]
[BlackElo "1950"]
[PlyCount "108"]
[EventDate "2015.05.13"]
[EventType "swiss"]
[EventRounds "7"]
[EventCountry "GER"]
[SourceTitle "EXT 2016"]
[Source "ChessBase"]
[SourceDate "2015.10.08"]
[SourceVersion "1"]
[SourceVersionDate "2015.10.08"]
[SourceQuality "1"]

1. d4 d5 2. e3 Nf6 3. Bd3 e6 4. Nd2 c5 5. c3 Nbd7 6. f4 g6 7. Qf3 Bg7 8. Nh3 Rb8 9. 0-0 b5 10. a3 Qb6 11. Kh1 Ba6 12. g4 h5 13. g5 Ng8 14. Qe2 Ne7 15. a4 c4 16. Bc2 b4 17. a5 Qc7 18. e4 dxe4 19. Bxe4 0-0 20. Nf3 Nf5 21. Ne5 Nxe5 22. fxe5 Bb7 23. Nf2 Bxe4+ 24. Nxe4 bxc3 25. bxc3 Rb3 26. Ba3 Rfb8 27. Bd6 Nxd6 28. Nxd6 Rxc3 29. Qe4 Qd8 30. Rxf7 Qxg5 31. Rg1 Rc1 32. Rff1 Rxf1 33. Rxf1 Qg4 34. Qxg4 hxg4 35. Nxc4 Rb4 36. Rc1 Bh6 37. Rc2 Bf4 38. Kg2 Kf8 39. Kf1 Ke7 40. Kg2 g5 41. Kf1 Kd7 42. Kg2 Ra4 43. h3 gxh3+ 44. Kxh3 Rb4 45. Kg4 Kc6 46. Ne3+ Kb7 47. Rc4 Rb2 48. Nc2 Rb5 49. Ra4 Bd2 50. Na3 Rxa5 51. Rxa5 Bxa5 52. Nc4 Bd8 53. Nd6+ Kc6 54. Nf7 Be7 0-1

[Event "Karl Mala Memorial op-A 17th"]
[Site "Frankfurt"]
[Date "2014.08.03"]
[Round "6"]
[White "Gutacker, Stephan"]
[Black "Schubert, Wolfgang"]
[Result "1/2-1/2"]
[WhiteElo "1955"]
[BlackElo "1788"]
[PlyCount "132"]
[EventDate "2014.07.31"]
[EventType "swiss"]
[EventRounds "7"]
[EventCountry "GER"]
[SourceTitle "EXT 2015"]
[Source "ChessBase"]
[SourceDate "2014.11.20"]
[SourceVersion "1"]
[SourceVersionDate "2014.11.20"]
[SourceQuality "1"]

1. e4 c5 2. c3 d5 3. exd5 Qxd5 4. d4 e6 5. Nf3 Nf6 6. Be2 Be7 7. 0-0 0-0 8. Be3 Nbd7 9. c4 Qc6 10. Nc3 a6 11. h3 Rd8 12. Qc2 b6 13. Ne5 Qc7 14. Bf3 Bb7 15. Bxb7 Qxb7 16. Nxd7 Nxd7 17. d5 exd5 18. Nxd5 Bd6 19. Rad1 Rac8 20. Rfe1 Nf8 21. Qe4 Qb8 22. Qg4 Be5 23. Ne7+ Kh8 24. Nxc8 Rxc8 25. Rd2 Ne6 26. Rde2 Bf6 27. f4 g6 28. f5 Nd4 29. Bxd4 Bxd4+ 30. Kh1 Kg7 31. fxg6 hxg6 32. b4 Bc3 33. Rf1 cxb4 34. Re7 Bf6 35. Rxf7+ Kxf7 36. Qd7+ Kg8 37. Rxf6 Rc7 38. Rxg6+ Kh8 39. Rh6+ Kg8 40. Qe6+ Rf7 41. Rg6+ Kf8 42. Kg1 Qc7 43. Qd6+ Qxd6 44. Rxd6 Rb7 45. Kf2 a5 46. Ke1 a4 47. Kd1 Ke7 48. Rh6 Rd7+ 49. Kc2 Rd4 50. Rxb6 Rxc4+ 51. Kb2 Rf4 52. Rc6 Kd7 53. Rc2 Kd6 54. g3 Rf3 55. Rg2 Ke5 56. g4 Rxh3 57. g5 a3+ 58. Kc2 Rc3+ 59. Kb1 Rc7 60. g6 Kf6 61. Rg4 Rb7 62. Kc2 Kg7 63. Kb3 Rb6 64. Rxb4 Rxb4+ 65. Kxb4 Kxg6 66. Kxa3 Kf6 1/2-1/2